000 01288nam a2200337 a 4500
001 ebr10463123
003 CaPaEBR
006 m u
007 cr cn|||||||||
008 070726s2007 ke a sb 001 0 eng d
010 _z 2007380933
020 _z9966974350
020 _z9789966974358
020 _z9789966028105 (e-book)
040 _aCaPaEBR
_cCaPaEBR
035 _a(OCoLC)726828832
043 _af-ke---
050 1 4 _aJQ2947.A58
_bG68 2007eb
245 0 0 _aGovernance and development
_h[electronic resource] :
_btowards quality leadership in Kenya /
_cedited by Kimani Njogu.
260 _aNairobi, Kenya :
_bTwaweza Communications,
_c2007.
300 _axvi, 242 p. :
_bill.
504 _aIncludes bibliographical references and index.
533 _aElectronic reproduction.
_bPalo Alto, Calif. :
_cebrary,
_d2013.
_nAvailable via World Wide Web.
_nAccess may be limited to ebrary affiliated libraries.
650 0 _aPolitical leadership
_zKenya.
651 0 _aKenya
_xEconomic policy.
651 0 _aKenya
_xSocial policy.
655 7 _aElectronic books.
_2local
700 1 _aNjogu, Kimani.
710 2 _aebrary, Inc.
856 4 0 _uhttp://site.ebrary.com/lib/rucke/Doc?id=10463123
_zAn electronic book accessible through the World Wide Web; click to view
999 _c240934
_d240934